[Event "Berdsk Maestro op 14th"]
[Site "Berdsk"]
[Date "2008.07.08"]
[Round "1"]
[White "Pakhomov, Egor"]
[Black "Abdulmanova, Albina"]
[Result "1-0"]
[WhiteElo "2184"]
[BlackElo "1803"]
[PlyCount "43"]
[EventDate "2008.07.08"]
[EventType "swiss"]
[EventRounds "9"]
[EventCountry "RUS"]
[SourceTitle "CBM 125 Extra"]
[Source "ChessBase"]
[SourceDate "2008.09.01"]
[SourceVersion "1"]
[SourceVersionDate "2008.09.01"]
[SourceQuality "1"]

1. d4 d5 2. Nf3 e6 3. c3 Nf6 4. Bf4 c5 5. e3 Nbd7 6. Nbd2 a6 7. Bd3 b5 8. 0-0 Be7 9. e4 cxd4 10. cxd4 Nb6 11. e5 Nh5 12. Be3 Nc4 13. g4 Nxb2 14. Qb3 Nxd3 15. Qxd3 Nf6 16. exf6 Bxf6 17. Rfc1 Bb7 18. Nb3 Qd6 19. Nc5 Bc6 20. g5 Be7 21. Ne5 f6 22. Bf4 1-0

[Event "Sibiria Region-ch (Women)"]
[Site "Novokuznetsk"]
[Date "2008.03.14"]
[Round "2"]
[White "Abdulmanova, Albina"]
[Black "Khlichkova, Tatiana"]
[Result "0-1"]
[WhiteElo "1786"]
[BlackElo "1976"]
[PlyCount "54"]
[EventDate "2008.03.13"]
[EventType "swiss"]
[EventRounds "9"]
[EventCountry "RUS"]
[SourceTitle "CBM 123 Extra"]
[Source "ChessBase"]
[SourceDate "2008.05.06"]
[SourceVersion "1"]
[SourceVersionDate "2008.05.06"]
[SourceQuality "1"]

1. e4 e6 2. d4 d5 3. Nd2 Nf6 4. e5 Nfd7 5. Bd3 c5 6. c3 Nc6 7. Ne2 cxd4 8. cxd4 f6 9. exf6 Nxf6 10. Nf3 Bd6 11. 0-0 0-0 12. Nc3 a6 13. Bg5 Qb6 14. Na4 Qc7 15. Re1 Bd7 16. Rc1 Ng4 17. h3 Bh2+ 18. Kf1 Rxf3 19. gxf3 Nxf2 20. Bxh7+ Kxh7 21. Qc2+ Ne4 22. Rxe4 dxe4 23. Qxe4+ Kg8 24. Nc5 Qg3 25. h4 Qg1+ 26. Ke2 Nxd4+ 27. Kd3 Bb5+ 0-1